000 00309nam a22001457a 4500
008 210309b ||||| |||| 00| 0 eng d
020 _a0670866385
041 _aeng
080 _a902
082 _a902
100 _a45
101 _aARKEO
245 _aThe Nendertal Engima
_cShreeve, J
942 _2udc
_cBK
999 _c56106
_d56106